| 000 | 00499nmm a2200169Ia 4500 | ||
|---|---|---|---|
| 008 | 251105s9999||||xx |||||||||||||||||und|| | ||
| 020 | _a9789562828857 | ||
| 041 | _aspa | ||
| 100 | _aRamírez Necochea, Hernán | ||
| 245 | 0 | _aObras escogidas Vol. 1 | |
| 264 |
_a[Santiago de Chile, Chile] : _bLOM Ediciones, _c2007 |
||
| 300 | _a530 páginas | ||
| 490 | _aHistoria | ||
| 650 | _aHistory of the Americas: Latin America | ||
| 856 | _uhttps://public.digitaliapublishing.com/a/13224 | ||
| 942 | _cCF | ||
| 999 |
_c94314 _d94314 |
||